<?xml version="1.0" encoding="UTF-8"?><?xml-stylesheet type="text/xsl" href="static/style.xsl"?><OAI-PMH xmlns="http://www.openarchives.org/OAI/2.0/" xmlns:xsi="http://www.w3.org/2001/XMLSchema-instance" xsi:schemaLocation="http://www.openarchives.org/OAI/2.0/ http://www.openarchives.org/OAI/2.0/OAI-PMH.xsd"><responseDate>2026-05-17T05:20:54Z</responseDate><request verb="GetRecord" identifier="oai:riubu.ubu.es:10259/8700" metadataPrefix="marc">https://riubu.ubu.es/oai/request</request><GetRecord><record><header><identifier>oai:riubu.ubu.es:10259/8700</identifier><datestamp>2024-02-20T01:05:23Z</datestamp><setSpec>com_10259_5645</setSpec><setSpec>com_10259_5086</setSpec><setSpec>com_10259_2604</setSpec><setSpec>com_10259_4734</setSpec><setSpec>com_10259_7906</setSpec><setSpec>col_10259_5646</setSpec><setSpec>col_10259_4735</setSpec><setSpec>col_10259_8017</setSpec></header><metadata><record xmlns="http://www.loc.gov/MARC21/slim" xmlns:doc="http://www.lyncode.com/xoai" xmlns:xsi="http://www.w3.org/2001/XMLSchema-instance" xmlns:dcterms="http://purl.org/dc/terms/" xsi:schemaLocation="http://www.loc.gov/MARC21/slim http://www.loc.gov/standards/marcxml/schema/MARC21slim.xsd">
<leader>00925njm 22002777a 4500</leader>
<datafield tag="042" ind1=" " ind2=" ">
<subfield code="a">dc</subfield>
</datafield>
<datafield tag="720" ind1=" " ind2=" ">
<subfield code="a">Sáiz Vázquez, Olalla</subfield>
<subfield code="e">author</subfield>
</datafield>
<datafield tag="720" ind1=" " ind2=" ">
<subfield code="a">Puente Martínez, Alicia</subfield>
<subfield code="e">author</subfield>
</datafield>
<datafield tag="720" ind1=" " ind2=" ">
<subfield code="a">Ubillos Landa, Silvia</subfield>
<subfield code="e">author</subfield>
</datafield>
<datafield tag="720" ind1=" " ind2=" ">
<subfield code="a">Pacheco Bonrostro, Joaquín</subfield>
<subfield code="e">author</subfield>
</datafield>
<datafield tag="720" ind1=" " ind2=" ">
<subfield code="a">Santabárbara, Javier</subfield>
<subfield code="e">author</subfield>
</datafield>
<datafield tag="260" ind1=" " ind2=" ">
<subfield code="c">2020-06</subfield>
</datafield>
<datafield tag="520" ind1=" " ind2=" ">
<subfield code="a">Alzheimer’s disease (AD) is the most common subtype of dementia. In the last ten years, the relationship between cholesterol and AD has been investigated. Evidence suggests that cholesterol is associated with AD and represents promising targets for intervention. However, the causality of these associations is unclear. Therefore, we sought to conduct a meta-meta-analysis to determine the effect of cholesterol on the development AD. Then, we assessed the effect of serum levels of low-density lipoprotein cholesterol (LDL-C) and high-density lipoprotein cholesterol (HDL-C), total cholesterol (TC) and triglycerides (TG), on AD risk.</subfield>
</datafield>
<datafield tag="024" ind2=" " ind1="8">
<subfield code="a">http://hdl.handle.net/10259/8700</subfield>
</datafield>
<datafield tag="024" ind2=" " ind1="8">
<subfield code="a">10.3390/brainsci10060386</subfield>
</datafield>
<datafield tag="024" ind2=" " ind1="8">
<subfield code="a">2076-3425</subfield>
</datafield>
<datafield ind1=" " ind2=" " tag="653">
<subfield code="a">Alzheimer's disease</subfield>
</datafield>
<datafield ind1=" " ind2=" " tag="653">
<subfield code="a">Etiology</subfield>
</datafield>
<datafield ind1=" " ind2=" " tag="653">
<subfield code="a">Cholesterol</subfield>
</datafield>
<datafield ind1=" " ind2=" " tag="653">
<subfield code="a">Risk factors</subfield>
</datafield>
<datafield ind1=" " ind2=" " tag="653">
<subfield code="a">Meta-analysis</subfield>
</datafield>
<datafield tag="245" ind1="0" ind2="0">
<subfield code="a">Cholesterol and Alzheimer’s Disease Risk: A Meta-Meta-Analysis</subfield>
</datafield>
</record></metadata></record></GetRecord></OAI-PMH>